| 000 | 00530nam a22001697a 4500 | ||
|---|---|---|---|
| 008 | 230515b |||||||| |||| 00| 0 eng d | ||
| 040 |
_aNational Science Library _cNational Science Library |
||
| 080 |
_a551.5(082.2)(98/99) _bJ7.1-.2 |
||
| 245 | _aPolar atmosphere symposium | ||
| 260 |
_aLondon: _bPergamon Press, _c1958 |
||
| 300 | _a341p. | ||
| 500 | _aPart 1 (Meteorology section) Part 2 (Ionospheric section) | ||
| 650 | _aAtmosphere | ||
| 653 | _aGeography | ||
| 700 | 1 | _aSutcliffe, R C (Ed.) | |
| 942 |
_2udc _cBK |
||
| 999 |
_c30328 _d30328 |
||